00775cam a2200253 a 4500001000500000005001700005020001800022040002300040050002100063082001000084100001400094245005300108260003600161300005900197500001700256500002000273505000800293520009100301521002000392521002000412650003800432650002400470650002700494260920240108092318.0 a9780689840081 aUUCcUUCdDLCbeng00aPZ7.W1173b 200000a793.71 aWade, Lee14aThe Cheerios Christmas play book / cby Lee Wade aNew York :bLittle Simon,c2000 a12 unnumbered pages :bcolor illustrations ; c20 cm . aCover title. aOn board pages. aF  aInteractive book with places to add the dry cereal "Cheerios" to complete the picture. a300 bLexile  aF bRaz-Plus  0aToy and movable booksvSpecimens. 1aChristmasvFiction. 1aToy and movable books.